| 000 | 01181cam a22003617a 4500 | ||
|---|---|---|---|
| 001 | 000087615 | ||
| 003 | CHAP | ||
| 005 | 20220329142500.0 | ||
| 008 | 010605d2000 mx a r 00110 spa d | ||
| 010 | _a84088 | ||
| 011 | _a85060 | ||
| 020 | _a970902650X | ||
| 035 | _a95590 | ||
| 040 | _cCHAP | ||
| 082 | 0 | 4 |
_a636.08 _bR74 |
| 100 | 0 | 0 |
_aRojas, Sergio. _999396 |
| 245 | 1 | 0 |
_aGanado : _btiempo de vacas gordas / _c/por Sergio Rojas. |
| 260 |
_aMéxico, D. F. : _bSecretaría de Desarrollo Social, _c2000. |
||
| 300 |
_a109 p. : _bilus. |
||
| 590 |
_aBATCH-UPD _b10 _c20130110 _lUCH01 _h0828 |
||
| 590 |
_aBATCH-UPD _b10 _c20130410 _lUCH01 _h0506 |
||
| 590 |
_aBATCH-UPD _b10 _c20130914 _lUCH01 _h1503 |
||
| 590 |
_aCONVERSION _b10 _c20130109 _lUCH01 _h1347 |
||
| 590 |
_aE5765TAJ _b05 _c20150617 _lUCH01 _h0905 |
||
| 650 | 1 | 4 |
_aGanadería _xTlaxcala. _944854 |
| 901 | _aBK | ||
| 905 | _aLilia Sánchez G. | ||
| 942 | _cLIBRO | ||
| 942 | _n0 | ||
| 949 |
_a636.08 R6 _bBC _cLIBRO _d33724000824447 _eLIBRO _h100205 _i95590 _si |
||
| 949 |
_a636.08 R6 _bBC _cLIBRO _d33724000824454 _eLIBRO _fc.2 _h100206 _i95590 _si |
||
| 949 |
_a636.08 R6 _bBC _cLIBRO _d33724000824462 _eLIBRO _fc.3 _h100207 _i95590 _si |
||
| 999 |
_c84088 _d84088 |
||